000 00620nam a2200205Ia 4500
003 GCL
008 140319s9999 xx 000 0 ara d
040 _aGCL /
_cGCL
082 0 4 _a808.3
_bس ا
100 1 _aسعيد يقطين
245 1 0 _aانفتاح النص الروائى /
_cسعيد يقطين
250 _aالاولى
260 _aبيروت :
_bالمركز الثقافى العربى ،
_c1989
300 _a160 ص ؛
_c25 سم
490 _a
650 0 4 _aالادب العربى
650 0 4 _aتاريخ ونقد
650 0 4 _aالادب العربى - تاريخ ونقد
942 _2ddc
_cBK
999 _c54606
_d54606